Statistics for Towns of Gipuzkoa

Click here to take the quiz!

General Stats

  • This quiz has been taken 74 times
  • The average score is 61 of 88

Answer Stats

PopulationFirst
letter
TownCounty% Correct
14.487BBergaraDebagoiena
94%
188.743DDonostiaDonostialdea
94%
19.133LLasarte-OriaDonostialdea
94%
20.065TTolosaTolosaldea
94%
11.636AAzkoitiaUrola
88%
15.183AAzpeitiaUrola
88%
5.393DDebaDebabarrena
88%
27.234EEibarDebabarrena
88%
11.500EElgoibarDebabarrena
88%
39.231EErrenteriaDonostialdea
88%
20.527HHernaniDonostialdea
88%
16.887HHondarribiaBidasoa-Txingudi
88%
62.920IIrunBidasoa-Txingudi
88%
8.341LLegazpiGoierri
88%
5.313MMutrikuDebabarrena
88%
11.567OOñatiDebagoiena
88%
6.125OOrioUrola
88%
3.751SSoraluzeDebabarrena
88%
6.739UUrretxuGoierri
88%
6.345UUsurbilDonostialdea
88%
5.826VVillabona-AmasaTolosaldea
88%
23.152ZZarautzUrola
88%
10.211ZZumaiaUrola
88%
21.867AArrasate/MondragonDebagoiena
81%
13.970BBeasainGoierri
81%
2.868GGetariaUrola
81%
6.008LLezoDonostialdea
81%
10.641OOrdiziaGoierri
81%
15.857PPasaiaDonostialdea
81%
3.785ZZestoaUrola
81%
9.681ZZumarragaGoierri
81%
14.555AAndoainDonostialdea
75%
7.666AAstigarragaDonostialdea
75%
4.194EEskoriatzaDebagoiena
75%
2.010MMendaroDebabarrena
75%
2.082AAntzuolaDebagoiena
69%
189AAramaGoierri
69%
7.155AAretxabaletaDebagoiena
69%
1.119EElgetaDebabarrena
69%
313HHernialdeTolosaldea
69%
4.130IIbarraTolosaldea
69%
2.275IIdiazabalGoierri
69%
6.013LLazkaoGoierri
69%
10.331OOiartzunDonostialdea
69%
1.542ZZegamaGoierri
69%
2.975ZZizurkilTolosaldea
69%
2.136AAiaUrola
63%
771AAizarnazabalUrola
63%
937AAmezketaTolosaldea
63%
1.694AAtaunGoierri
63%
134BBeizamaUrola
63%
1.083BBerastegiTolosaldea
63%
237EElduainTolosaldea
63%
582EErrezilUrola
63%
604EEzkio-ItsasoGoierri
63%
487IIkaztegietaTolosaldea
63%
1.887IIruraTolosaldea
63%
656IItsasondoGoierri
63%
194LLeintz-GatzagaDebagoiena
63%
108OOrexaTolosaldea
63%
1.228OOrmaiztegiGoierri
63%
1.460SSeguraGoierri
63%
280ZZerainGoierri
63%
326AAbaltzisketaTolosaldea
56%
371AAlkizaTolosaldea
56%
2.095AAnoetaTolosaldea
56%
1.546AAsteasuTolosaldea
56%
575BBerrobiTolosaldea
56%
506GGabiriaGoierri
56%
168GGazteluTolosaldea
56%
394LLeaburuTolosaldea
56%
1.464LLegorretaGoierri
56%
637LLizartzaTolosaldea
56%
262MMutiloaGoierri
56%
918OOlaberriaGoierri
56%
6.200UUrnietaDonostialdea
56%
506AAdunaTolosaldea
50%
325AAlbizturTolosaldea
50%
1.771AAlegiaTolosaldea
50%
448AAltzoTolosaldea
50%
286BBelauntzaTolosaldea
50%
538BBidania-GoiatzTolosaldea
50%
124GGaintzaGoierri
50%
257LLarraulTolosaldea
50%
240OOrendainTolosaldea
50%
149BBaliarrainTolosaldea
44%
1.735ZZaldibiaGoierri
44%
173AAltzagaGoierri
19%

Score Distribution

Percentile by Number Answered

Percent of People with Each Score

Your Score History

You have not taken this quiz